000 00538nam a2200217Ia 4500
003 OSt
005 20220924134355.0
006 a|||||r|||| 00| 0
007 ta
008 220923b |||||||| |||| 00| 0 snd d
024 _a273894
037 _cTextual
040 _aARTS
_cARTS
_bsnd
041 _2snd
_asnd
082 _aO168,3N10,FK, 1593H2
100 _aRanbir
_9208383
245 0 _aFasi-e-je Kothri
260 _c1942
942 _hO168,3N10,FK, 1593H2
_cTEXL
_2CC
999 _c437278
_d437278